000 00799nam a2200217 a 4500
005 20060818091510.0
008 050907s2005 ii av 000 0 eng
010 _aENG-93249
020 _c100.00
035 _aEN-76782
037 _bDBAD / PUB
040 _adpl
_bEnglish
082 _a005.2762
100 _aManoharan, N.
245 _aMaster in java script /
_cby Manoharan N.
260 _aMadurai
_bRadha Publications
_c2008
270 _a4/167, Mullai Street, Kurunchi Nagar, Reserve Line Post,
_bMadurai
_e625015
300 _a120p.
_c22 cm (pbk)
942 _2ddc
_cEN
_mMAN
_h005.2762
999 _c25375
_d25375